[Event "Canada Int. op U1500"]
[Site "Contrecoeur CAN"]
[Date "2022.10.09"]
[Round "5.56"]
[White "Houde Belle-Isle, Raphael"]
[Black "Tremblay, Xavier"]
[Result "1-0"]
[WhiteElo "1418"]
[BlackElo "1146"]
[PlyCount "96"]
[EventDate "2022.10.07"]
[EventType "swiss"]
[EventRounds "5"]
[EventCountry "CAN"]

1. e4 c5 2. Nf3 d6 3. d4 cxd4 4. Nxd4 Nf6 5. Nc3 a6 6. a3 e5 7. Nf3 Be7 8. Bc4
Be6 9. Bxe6 fxe6 10. Be3 Nc6 11. O-O d5 12. exd5 exd5 13. Bg5 d4 14. Ne2 O-O
15. Re1 Bd6 16. Ng3 Qd7 17. Qd2 Bc7 18. Rad1 h6 19. Bxf6 Rxf6 20. c3 Rd6 21.
cxd4 Nxd4 22. Nxd4 Bb6 23. Qe2 exd4 24. Qd3 Rf8 25. Rd2 Qf7 26. Rde2 Rf6 27.
Re7 Qd5 28. R1e5 Qc6 29. Qb3+ Kh8 30. R7e6 Rxe6 31. Rxe6 Qc1+ 32. Nf1 Qf4 33.
f3 Bc5 34. Qd3 Qc1 35. b4 Ba7 36. Re7 Rc8 37. Rxb7 Qc3 38. Qxa6 Qe3+ 39. Nxe3
dxe3 40. Kf1 Rc1+ 41. Ke2 Rc2+ 42. Kd3 Rd2+ 43. Kc3 Bd4+ 44. Kb3 e2 45. Re7
Rb2+ 46. Ka4 Ra2 47. Rxe2 Bb2 48. Qc8+ Kh7 1-0

[Event "Canada Int. op U1500"]
[Site "Contrecoeur CAN"]
[Date "2022.10.09"]
[Round "5.57"]
[White "Chira, Dan"]
[Black "Grenier, Julien"]
[Result "1/2-1/2"]
[WhiteElo "1372"]
[BlackElo "1351"]
[PlyCount "112"]
[EventDate "2022.10.07"]
[EventType "swiss"]
[EventRounds "5"]
[EventCountry "CAN"]

1. c4 c5 2. Nc3 Nc6 3. g3 d6 4. Bg2 Nf6 5. e3 e5 6. Nge2 Bf5 7. d4 Qb6 8. dxe5
Nxe5 9. e4 Be6 10. b3 Be7 11. O-O O-O 12. Nf4 Rad8 13. Nxe6 fxe6 14. Bg5 h6 15.
Bxf6 Bxf6 16. Rc1 a6 17. f4 Nc6 18. Qg4 Rde8 19. Qd1 Qc7 20. Kh1 Rd8 21. Ne2
Qa5 22. Qc2 Nb4 23. Qd2 Qxa2 24. Qxa2 Nxa2 25. Rc2 Nb4 26. Rcc1 b5 27. cxb5
axb5 28. Rfd1 Be7 29. Kg1 Rb8 30. Nc3 Rfd8 31. Ra1 Nc2 32. Ra2 Ne3 33. Rd3 Nxg2
34. Kxg2 b4 35. Ne2 Ra8 36. Rdd2 Rxa2 37. Rxa2 d5 38. Kf3 Kf8 39. Ke3 Rd7 40.
e5 Kf7 41. h4 Bd8 42. Kd3 Kg6 43. Ra6 Kf7 44. Ra2 g5 45. hxg5 hxg5 46. Ra6 gxf4
47. gxf4 Rb7 48. Ra2 Bb6 49. Ra6 Bd8 50. Ra8 Ke7 51. Ra6 Kd7 52. Rd6+ Ke7 53.
Ra6 Bc7 54. Nc1 Kd7 55. Ra2 Kc6 56. Rh2 Kd7 1/2-1/2

[Event "Canada Int. op U1500"]
[Site "Contrecoeur CAN"]
[Date "2022.10.09"]
[Round "5.59"]
[White "Soskic, Milan"]
[Black "Nadeem, Mustafa"]
[Result "1/2-1/2"]
[WhiteElo "1260"]
[BlackElo "1319"]
[PlyCount "84"]
[EventDate "2022.10.07"]
[EventType "swiss"]
[EventRounds "5"]
[EventCountry "CAN"]

1. d4 e6 2. Nf3 c5 3. e3 Nf6 4. b3 a6 5. Bb2 d5 6. c4 Nc6 7. a3 Bd7 8. Bd3 b6
9. Nbd2 Be7 10. O-O h6 11. Ne5 O-O 12. f4 cxd4 13. exd4 Qc7 14. Rc1 Bd6 15. g4
g6 16. Qf3 Be8 17. Bb1 Rd8 18. Qh3 Kg7 19. Qf3 a5 20. Rf2 Qb8 21. h4 h5 22. g5
Bxe5 23. fxe5 Ng4 24. Rg2 b5 25. c5 a4 26. b4 Qc7 27. Nf1 Ne7 28. Ne3 Nxe3 29.
Qxe3 Nf5 30. Qf4 Bc6 31. Rf1 Rde8 32. Bd3 Re7 33. Re2 Be8 34. Rg2 Qc6 35. Rgf2
Kg8 36. Rg2 Rc7 37. Kh2 Qd7 38. Rgf2 Qd8 39. Kh3 Bc6 40. Qd2 Re7 41. Rf3 Qd7
42. Qf2 Qe8 1/2-1/2

[Event "Canada Int. op U1500"]
[Site "Contrecoeur CAN"]
[Date "2022.10.09"]
[Round "5.60"]
[White "Laramee-Lamoureux, Mickael"]
[Black "Jiha, Yussuf"]
[Result "1-0"]
[WhiteElo "1298"]
[BlackElo "1224"]
[PlyCount "55"]
[EventDate "2022.10.07"]
[EventType "swiss"]
[EventRounds "5"]
[EventCountry "CAN"]

1. d4 Nf6 2. c4 e6 3. Nf3 Bb4+ 4. Nc3 O-O 5. Bg5 d5 6. e3 h6 7. Bh4 Nbd7 8. Ne5
c5 9. cxd5 exd5 10. Bb5 g5 11. Bg3 Qa5 12. Bxd7 Bxc3+ 13. bxc3 Qxc3+ 14. Kf1
Bxd7 15. h4 Bb5+ 16. Kg1 Ne4 17. Rh3 Kg7 18. Rb1 Bc6 19. Qh5 Nf6 20. Qf3 cxd4
21. hxg5 hxg5 22. Nxc6 Qxc6 23. Be5 dxe3 24. Bxf6+ Qxf6 25. Rh7+ Kxh7 26. Qxf6
exf2+ 27. Kxf2 Rh8 28. Rh1+ 1-0

[Event "Canada Int. op U1500"]
[Site "Contrecoeur CAN"]
[Date "2022.10.09"]
[Round "5.61"]
[White "Fournier, Mathieu"]
[Black "De Guise, Ronald"]
[Result "1-0"]
[WhiteElo "1214"]
[BlackElo "1294"]
[PlyCount "91"]
[EventDate "2022.10.07"]
[EventType "swiss"]
[EventRounds "5"]
[EventCountry "CAN"]

1. e4 e5 2. Nf3 Nc6 3. Nc3 a6 4. d4 exd4 5. Nxd4 Bb4 6. Nxc6 bxc6 7. Bd3 Bxc3+
8. bxc3 Rb8 9. O-O h6 10. h3 Ne7 11. Qf3 Ng6 12. Bf4 Nxf4 13. Qxf4 O-O 14. e5
d6 15. Qe4 g6 16. f4 d5 17. Qf3 f5 18. Qg3 Kh7 19. Rae1 c5 20. Rd1 Qe7 21. c4
d4 22. c3 dxc3 23. Bb1 Bb7 24. Qxc3 Qe6 25. Rd2 Rfd8 26. Rfd1 Qc6 27. Qg3 a5
28. Qh4 Rxd2 29. Qe7+ Kg8 30. Rxd2 Ba8 31. Rd8+ Rxd8 32. Qxd8+ Kf7 33. Qd2 Ke7
34. Bc2 Ke6 35. Bd1 Qe4 36. Bf3 Qb1+ 37. Kf2 Bxf3 38. gxf3 Qb6 39. Kg3 Ke7 40.
Qd5 Qa7 41. e6 c6 42. Qxc6 Kd8 43. Qd6+ Ke8 44. Qe5 Qb6 45. Qh8+ Ke7 46. Qg7+
1-0

[Event "Canada Int. op U1500"]
[Site "Contrecoeur CAN"]
[Date "2022.10.09"]
[Round "5.63"]
[White "Laporte, Michel"]
[Black "Delorme, Daniel"]
[Result "1-0"]
[WhiteElo "1466"]
[BlackElo "1301"]
[PlyCount "51"]
[EventDate "2022.10.07"]
[EventType "swiss"]
[EventRounds "5"]
[EventCountry "CAN"]

1. d4 d5 2. Nf3 Nf6 3. e3 a6 4. Bd3 e6 5. O-O c5 6. b3 Nc6 7. a3 cxd4 8. exd4
Be7 9. Nbd2 O-O 10. Bb2 b5 11. Ne5 Bb7 12. f4 Qb6 13. c3 Rac8 14. Rf3 a5 15.
Rh3 g6 16. Ndf3 b4 17. axb4 axb4 18. c4 dxc4 19. bxc4 Rfd8 20. c5 Qc7 21. Qe2
Nd5 22. g3 Ra8 23. Nxf7 Rxa1+ 24. Bxa1 Kxf7 25. Rxh7+ Kf6 26. Ng5 1-0

[Event "Canada Int. op U1500"]
[Site "Contrecoeur CAN"]
[Date "2022.10.09"]
[Round "5.65"]
[White "Fontaine, Real"]
[Black "Poirier, Dany"]
[Result "0-1"]
[WhiteElo "1458"]
[BlackElo "1234"]
[PlyCount "53"]
[EventDate "2022.10.07"]
[EventType "swiss"]
[EventRounds "5"]
[EventCountry "CAN"]

1. e4 e5 2. Nf3 Nc6 3. Bb5 d6 4. Bxc6+ bxc6 5. h3 c5 6. Nc3 c6 7. O-O Be7 8. d3
Nf6 9. Be3 Qc7 10. Qd2 h6 11. b3 a6 12. Nh4 d5 13. exd5 cxd5 14. Ne2 d4 15.
Bxd4 cxd4 16. Ng3 g6 17. Nf3 Nd5 18. a3 f6 19. Rfe1 g5 20. Nh5 Kf7 21. g4 Bb7
22. Rac1 Nc3 23. b4 Bxf3 24. Ng3 Bb7 25. Nf5 Qc6 26. f3 Qxf3 27. Qg2 0-1

[Event "Canada Int. op U1500"]
[Site "Contrecoeur CAN"]
[Date "2022.10.09"]
[Round "5.66"]
[White "Gougeon, Patrick"]
[Black "Creo, Jeremie-Thomas"]
[Result "0-1"]
[WhiteElo "1181"]
[BlackElo "1447"]
[PlyCount "76"]
[EventDate "2022.10.07"]
[EventType "swiss"]
[EventRounds "5"]
[EventCountry "CAN"]

1. f4 d5 2. Nf3 Nf6 3. g3 e6 4. Bg2 Bd6 5. d3 Nc6 6. b3 e5 7. fxe5 Nxe5 8. d4
Nxf3+ 9. Bxf3 c5 10. Bb2 Qc7 11. Qd3 Be6 12. Qb5+ Bd7 13. Qd3 O-O-O 14. dxc5
Qxc5 15. Bxf6 gxf6 16. Qc3 Qxc3+ 17. Nxc3 Be5 18. O-O-O Bxc3 19. Bxd5 Bg4 20.
Bf3 Bxf3 21. exf3 Rxd1+ 22. Rxd1 Re8 23. Rf1 Re1+ 24. Rxe1 Bxe1 25. g4 Kd7 26.
Kd1 Bc3 27. Ke2 Kd6 28. Kd3 Ba5 29. h4 Ke5 30. h5 f5 31. gxf5 Kxf5 32. Ke2 Kg5
33. Kf1 Kxh5 34. Kg2 Kg5 35. c4 Kf4 36. Kf2 h5 37. a3 Bb6+ 38. Kg2 Bd4 0-1

[Event "Canada Int. op U1500"]
[Site "Contrecoeur CAN"]
[Date "2022.10.09"]
[Round "5.67"]
[White "Lauzon, Francois"]
[Black "Perron, Bernard"]
[Result "1-0"]
[WhiteElo "1204"]
[BlackElo "1032"]
[PlyCount "101"]
[EventDate "2022.10.07"]
[EventType "swiss"]
[EventRounds "5"]
[EventCountry "CAN"]

1. c4 e6 2. g3 Nf6 3. Nc3 g6 4. d4 Bg7 5. e4 d5 6. Bg5 O-O 7. e5 c6 8. exf6
Bxf6 9. Bxf6 Qxf6 10. Nf3 Nd7 11. cxd5 exd5 12. Be2 Re8 13. O-O Nf8 14. Re1 Bg4
15. Ne5 Bf5 16. Bg4 h5 17. Bxf5 Qxf5 18. g4 hxg4 19. Qxg4 Rxe5 20. f3 Qxg4+ 21.
fxg4 Rg5 22. h3 Ne6 23. Rad1 Nf4 24. Kh2 Ne6 25. Kg3 Ng7 26. Kf4 f6 27. h4 Nh5+
28. gxh5 Rf5+ 29. Kg3 Rxh5 30. Re7 b6 31. Re6 Kf7 32. Rxc6 Re8 33. Nxd5 Kg7 34.
Nxf6 Re3+ 35. Kg4 Rf5 36. Nd7 Re4+ 37. Kg3 Re3+ 38. Kg2 Rff3 39. Rxg6+ Kxg6 40.
Ne5+ Rxe5 41. dxe5 Re3 42. Rd6+ Kf5 43. e6 Re4 44. Kg3 Rg4+ 45. Kh3 Re4 46. h5
Rxe6 47. Rxe6 Kxe6 48. Kg4 Kf6 49. Kf4 a6 50. b3 a5 51. a4 1-0

[Event "Canada Int. op U1800"]
[Site "Contrecoeur CAN"]
[Date "2022.10.07"]
[Round "1.31"]
[White "Bergeron, Rene"]
[Black "Gonzalez, Daniel"]
[Result "0-1"]
[WhiteElo "1564"]
[BlackElo "1780"]
[PlyCount "108"]
[EventDate "2022.10.07"]
[EventType "swiss"]
[EventRounds "5"]
[EventCountry "CAN"]

1. c4 Nf6 2. Nc3 g6 3. d4 d6 4. g3 Bg7 5. Bg2 O-O 6. Nf3 c6 7. O-O Na6 8. a3
Nc7 9. e4 Rb8 10. Bg5 h6 11. Be3 b5 12. cxb5 Nxb5 13. e5 Nd5 14. Nxd5 cxd5 15.
Qd2 Kh7 16. Rac1 Qb6 17. Nh4 dxe5 18. dxe5 d4 19. Bf4 Bb7 20. e6 Nd6 21. exf7
e5 22. Qd3 Nxf7 23. Bd2 Ba6 24. Qe4 Bb7 25. Qd3 Bxg2 26. Kxg2 Nh8 27. Bb4 Rfc8
28. Qe4 a5 29. Rxc8 Rxc8 30. Qg4 Qc6+ 31. Kg1 axb4 32. Nf3 bxa3 33. bxa3 Ra8
34. h4 Rxa3 35. Nd2 h5 36. Qe2 Ra2 37. Qe1 Qc3 38. Ne4 Qxe1 39. Ng5+ Kg8 40.
Rxe1 d3 41. Kf1 d2 42. Rd1 Bh6 43. Ne4 Rc2 44. Ke2 Rc1 45. Nxd2 Rxd1 46. Kxd1
Bxd2 47. Kxd2 Kf7 48. f3 Kf6 49. g4 hxg4 50. fxg4 g5 51. h5 Nf7 52. Ke3 Nh6 53.
Kf3 Ke6 54. Kg3 Kd5 0-1

[Event "Canada Int. op U1800"]
[Site "Contrecoeur CAN"]
[Date "2022.10.07"]
[Round "1.32"]
[White "Kozlov, Guennadi"]
[Black "Cote, Frederic"]
[Result "1-0"]
[WhiteElo "1705"]
[BlackElo "1564"]
[PlyCount "87"]
[EventDate "2022.10.07"]
[EventType "swiss"]
[EventRounds "5"]
[EventCountry "CAN"]

1. e4 g6 2. d4 d6 3. Nc3 Bg7 4. Be3 Nf6 5. Qd2 a5 6. Bh6 Bxh6 7. Qxh6 a4 8. a3
Ra5 9. Be2 Nc6 10. Qd2 d5 11. exd5 Nxd5 12. Bf3 Be6 13. Nge2 h5 14. Ne4 Nb6 15.
Nc5 Nc4 16. Bxc6+ bxc6 17. Qc3 Rxc5 18. dxc5 O-O 19. O-O Qd5 20. Nf4 Qe4 21.
Nxe6 fxe6 22. b3 axb3 23. cxb3 Ne5 24. Qe3 Qf5 25. Rae1 Nd3 26. Qxe6+ Rf7 27.
Qxf5 gxf5 28. Re3 Nxc5 29. Rc1 f4 30. Rec3 Ne4 31. Rxc6 Rg7 32. Re6 Ng5 33. Rh6
Nf3+ 34. Kh1 Nd4 35. Rxc7 Nxb3 36. Rxh5 Nd4 37. Ra7 Nc6 38. Ra4 Rg4 39. h3 Rg6
40. Rxf4 Re6 41. h4 Re1+ 42. Kh2 e5 43. Rc4 Nd4 44. Rc8+ 1-0

[Event "Canada Int. op U1800"]
[Site "Contrecoeur CAN"]
[Date "2022.10.07"]
[Round "1.33"]
[White "Ilustrisimo, Alfredo Jr"]
[Black "Cassista, Jeremie"]
[Result "0-1"]
[WhiteElo "1556"]
[BlackElo "1745"]
[PlyCount "86"]
[EventDate "2022.10.07"]
[EventType "swiss"]
[EventRounds "5"]
[EventCountry "CAN"]

1. e4 c5 2. Nf3 d6 3. d4 cxd4 4. Nxd4 Nf6 5. Nc3 a6 6. Be2 g6 7. Be3 Bg7 8. h4
h5 9. Qd2 Ng4 10. Bxg4 hxg4 11. O-O-O Nd7 12. f4 gxf3 13. Nxf3 Qa5 14. Bd4 Ne5
15. Nxe5 dxe5 16. Be3 Bg4 17. Rdf1 e6 18. Bg5 Qc7 19. Kb1 f5 20. Nd1 Qd7 21.
Qxd7+ Kxd7 22. Ne3 Be2 23. Rf2 Bb5 24. Rd1+ Kc7 25. exf5 gxf5 26. g3 Bh6 27.
Bxh6 Rxh6 28. c4 Bc6 29. Kc2 Rg8 30. Nf1 Rg4 31. b3 f4 32. gxf4 exf4 33. Nh2
Rgxh4 34. Nf3 Bxf3 35. Rxf3 e5 36. Re1 Rh2+ 37. Kd3 R6h3 38. Ref1 Kd6 39. R1f2
Ke6 40. Rxh3 Rxh3+ 41. Ke2 Kf5 42. Rf3 Rxf3 43. Kxf3 e4+ 0-1

[Event "Canada Int. op U1800"]
[Site "Contrecoeur CAN"]
[Date "2022.10.07"]
[Round "1.34"]
[White "Brassard, Sylvain"]
[Black "Bilodeau-Savaria, Sandy-Rose"]
[Result "1/2-1/2"]
[WhiteElo "1721"]
[BlackElo "1548"]
[PlyCount "83"]
[EventDate "2022.10.07"]
[EventType "swiss"]
[EventRounds "5"]
[EventCountry "CAN"]

1. d4 d5 2. Bf4 Nf6 3. e3 e6 4. Nf3 c5 5. c3 Nc6 6. Bd3 Bd6 7. Bxd6 Qxd6 8.
Nbd2 O-O 9. O-O b6 10. Re1 e5 11. dxe5 Nxe5 12. Nxe5 Qxe5 13. e4 Bb7 14. exd5
Qxd5 15. Ne4 Nd7 16. Bb5 Qxd1 17. Raxd1 Bxe4 18. Rxe4 Nf6 19. Re7 a6 20. Bc4 b5
21. Bd5 Nxd5 22. Rxd5 Rfe8 23. Rxe8+ Rxe8 24. Kf1 c4 25. Rd6 Ra8 26. Rb6 Kf8
27. Ke2 Re8+ 28. Kf3 Rd8 29. Rxa6 Rd2 30. Rb6 Rxb2 31. a4 Rb3 32. Rxb5 Rxc3+
33. Ke2 Ke7 34. Kd2 Ra3 35. Rb4 c3+ 36. Kc2 Kd6 37. Rb7 Ke6 38. Rb5 Rxa4 39.
Kxc3 g6 40. Kd3 h6 41. Ke3 Ra3+ 42. Ke2 1/2-1/2

[Event "Canada Int. op U1800"]
[Site "Contrecoeur CAN"]
[Date "2022.10.07"]
[Round "1.35"]
[White "Michaud, Jean-Francois"]
[Black "Alcantara, Maximo jr"]
[Result "1-0"]
[WhiteElo "1537"]
[BlackElo "1703"]
[PlyCount "87"]
[EventDate "2022.10.07"]
[EventType "swiss"]
[EventRounds "5"]
[EventCountry "CAN"]

1. c4 c6 2. d4 d5 3. Nf3 Nf6 4. Nc3 e6 5. Bg5 Be7 6. Bxf6 Bxf6 7. e3 Nd7 8.
cxd5 exd5 9. Bd3 Nb6 10. h3 O-O 11. O-O Bd7 12. Rc1 Re8 13. Re1 g6 14. e4 dxe4
15. Nxe4 Nd5 16. Nxf6+ Qxf6 17. Ne5 Bf5 18. Bc4 Rad8 19. Qf3 Qd6 20. Nxf7 Kxf7
21. g4 Rf8 22. gxf5 Kg7 23. Re5 Ne7 24. Re6 Qd7 25. f6+ Kh8 26. Rxe7 Qxd4 27.
f7 Rd6 28. Qc3 b5 29. Qxd4+ Rxd4 30. Bb3 Rd6 31. Rxa7 Rc8 32. Re1 Rdd8 33. Be6
Rb8 34. Bd7 Kg7 35. Bxc6 Rf8 36. Re8 Rc8 37. Rxf8 Rxf8 38. Be8 h5 39. Rb7 g5
40. Rxb5 Kf6 41. a4 g4 42. hxg4 hxg4 43. a5 g3 44. fxg3 1-0

[Event "Canada Int. op U1800"]
[Site "Contrecoeur CAN"]
[Date "2022.10.07"]
[Round "1.36"]
[White "Potvin, Alain-Nicolas"]
[Black "Dufresne, Maxime"]
[Result "1-0"]
[WhiteElo "1680"]
[BlackElo "1516"]
[PlyCount "135"]
[EventDate "2022.10.07"]
[EventType "swiss"]
[EventRounds "5"]
[EventCountry "CAN"]

1. Nf3 Nf6 2. d4 g6 3. Bf4 d6 4. e3 Bg7 5. Be2 Nh5 6. Bg5 c6 7. Nfd2 Nf6 8. O-O
O-O 9. c4 d5 10. c5 b6 11. b4 Ba6 12. Nc3 bxc5 13. bxc5 Bxe2 14. Qxe2 Nbd7 15.
Qa6 Qc8 16. Qxc8 Rfxc8 17. Rab1 h6 18. Bh4 g5 19. Bg3 Nh5 20. Rb7 Nxg3 21. hxg3
Nxc5 22. Rb4 Rcb8 23. Rfb1 Rxb4 24. Rxb4 Kf8 25. Na4 a5 26. Nb6 axb4 27. Nxa8
Na4 28. Nb3 Nc3 29. Nb6 e5 30. dxe5 Bxe5 31. Nd7+ Kg7 32. Nxe5 Nxa2 33. Nxc6
Kf6 34. Kf1 Ke6 35. Ke1 Kd6 36. Ncd4 h5 37. Kd2 Nc3 38. f3 Nb1+ 39. Kd3 Na3 40.
Nc2 Nc4 41. Nxb4 Ne5+ 42. Kd4 Ng6 43. Nxd5 h4 44. Nf6 Ke6 45. Ne4 f6 46. Nbc5+
Ke7 47. Nd3 Ke6 48. Ndf2 hxg3 49. Nd3 Nh4 50. Ndc5+ Ke7 51. Nxg3 Nxg2 52. Nf5+
Kf7 53. Nd3 Kg6 54. Ke4 Kh5 55. Nf2 Kg6 56. Ng4 Ne1 57. Ne7+ Kf7 58. Nf5 Kg6
59. Nd4 f5+ 60. Nxf5 Nxf3 61. Kxf3 Kxf5 62. Nf2 Kf6 63. Kg4 Kg6 64. Ne4 Kf7 65.
Nxg5+ Kf6 66. Kf4 Ke7 67. Ke5 Kd7 68. Kf6 1-0

[Event "Canada Int. op U1800"]
[Site "Contrecoeur CAN"]
[Date "2022.10.07"]
[Round "1.37"]
[White "Beauregard, Pascal"]
[Black "Clavel, Mathias"]
[Result "0-1"]
[WhiteElo "1512"]
[BlackElo "1677"]
[PlyCount "106"]
[EventDate "2022.10.07"]
[EventType "swiss"]
[EventRounds "5"]
[EventCountry "CAN"]

1. e4 c5 2. Nc3 a6 3. g3 b5 4. Bg2 Bb7 5. d3 Nc6 6. Be3 d6 7. Qd2 g6 8. f4 Nd4
9. Nge2 Bg7 10. O-O e6 11. Rae1 Ne7 12. Nd1 O-O 13. c3 Nxe2+ 14. Qxe2 Qa5 15.
a3 Rac8 16. Qd2 Qc7 17. Nf2 f5 18. d4 cxd4 19. Bxd4 e5 20. Be3 Rcd8 21. fxe5
dxe5 22. Qc1 f4 23. gxf4 exf4 24. Bd2 g5 25. Bf3 Ng6 26. Qc2 Ne5 27. Bg4 Qb6
28. h3 Qg6 29. Bf5 Qc6 30. Bg4 Kh8 31. b3 Bc8 32. Bc1 Nxg4 33. Nxg4 h5 34. Nf2
Qxc3 35. Qxc3 Bxc3 36. Rd1 Be6 37. b4 Bd4 38. Kh2 Kg7 39. Rd2 Be3 40. Bb2+ Kf7
41. Rc2 Rc8 42. Bc3 Bb3 43. Rcc1 Bc4 44. Rfd1 Bxc1 45. Rxc1 Be2 46. e5 Rc4 47.
Re1 Rxc3 48. Rxe2 Re3 49. Rc2 Rxe5 50. Rc7+ Re7 51. Rc5 Kg6 52. Nd3 Rd8 53.
Ne5+ Kf6 0-1

[Event "Canada Int. op U1800"]
[Site "Contrecoeur CAN"]
[Date "2022.10.07"]
[Round "1.38"]
[White "Avarian, Aram Sevag"]
[Black "Coulombe, David"]
[Result "1-0"]
[WhiteElo "1665"]
[BlackElo "1512"]
[PlyCount "93"]
[EventDate "2022.10.07"]
[EventType "swiss"]
[EventRounds "5"]
[EventCountry "CAN"]

1. e4 e5 2. Nf3 Nc6 3. d4 d5 4. exd5 Qxd5 5. dxe5 Qxd1+ 6. Kxd1 Bg4 7. Bf4
O-O-O+ 8. Kc1 f6 9. Nbd2 Bb4 10. c3 Bc5 11. Bg3 Bf5 12. Bb5 Nxe5 13. Nxe5 fxe5
14. Re1 Bd6 15. Bxe5 Bxe5 16. Rxe5 Bg6 17. Ne4 c6 18. Be2 Bxe4 19. Rxe4 Nf6 20.
Re3 Rd7 21. Kc2 h5 22. Rd1 Ng4 23. Bxg4 hxg4 24. Rxd7 Kxd7 25. Rg3 Re8 26. Rxg4
Re2+ 27. Kb3 Rxf2 28. Rxg7+ Kc8 29. h4 Rf6 30. g4 Rh6 31. h5 a6 32. Kc4 b6 33.
Rg6 Rh7 34. Rxc6+ Kb7 35. Rg6 Rc7+ 36. Kb3 a5 37. h6 Ka6 38. Rg7 Rc8 39. h7 Rh8
40. g5 a4+ 41. Kxa4 b5+ 42. Kb3 b4 43. cxb4 Kb5 44. Rg6 Ra8 45. a4+ Rxa4 46.
h8=Q Ra8 47. Qe5# 1-0

[Event "Canada Int. op U1800"]
[Site "Contrecoeur CAN"]
[Date "2022.10.07"]
[Round "1.39"]
[White "Villeneuve, Denis"]
[Black "Poirier, Vincent"]
[Result "0-1"]
[WhiteElo "1510"]
[BlackElo "1656"]
[PlyCount "88"]
[EventDate "2022.10.07"]
[EventType "swiss"]
[EventRounds "5"]
[EventCountry "CAN"]

1. e4 e6 2. d4 d5 3. e5 c5 4. Nf3 cxd4 5. c3 dxc3 6. Nxc3 Ne7 7. Bd3 Ng6 8. Be3
Be7 9. Rc1 O-O 10. h4 Nc6 11. Bxg6 hxg6 12. a3 Bd7 13. g3 Rc8 14. b4 a6 15. Qd2
Qc7 16. Na4 Qb8 17. Nb6 Rcd8 18. Bf4 Na7 19. h5 gxh5 20. Rxh5 Bc6 21. Bh6 g6
22. Bxf8 Bxf8 23. Rg5 Bg7 24. Qe3 Nc8 25. Nxc8 Rxc8 26. Nd4 Bd7 27. f4 Rxc1+
28. Qxc1 Qc8 29. Qxc8+ Bxc8 30. Ke2 Bd7 31. Kd3 Bf8 32. Nb3 Bb5+ 33. Kd4 Be7
34. Rg4 Be2 35. Rh4 Bxh4 36. gxh4 b6 37. Ke3 Bb5 38. Nd4 Kh7 39. Kf3 Kh6 40.
Kg4 Ba4 41. Kg3 Kg7 42. Kg4 Bd7 43. Kg5 Bb5 44. Ne2 Bxe2 0-1

[Event "Canada Int. op U1800"]
[Site "Contrecoeur CAN"]
[Date "2022.10.07"]
[Round "1.41"]
[White "Poulin, Richard"]
[Black "Longpre, Martin"]
[Result "0-1"]
[WhiteElo "1471"]
[BlackElo "1600"]
[PlyCount "88"]
[EventDate "2022.10.07"]
[EventType "swiss"]
[EventRounds "5"]
[EventCountry "CAN"]

1. e4 e5 2. Nf3 Nc6 3. d4 d6 4. dxe5 dxe5 5. Qxd8+ Kxd8 6. Bc4 f6 7. Be3 Bb4+
8. c3 Ba5 9. h3 Nge7 10. Nbd2 Bd7 11. O-O g5 12. Nb3 Bb6 13. Nc5 Bxc5 14. Bxc5
Kc8 15. Rad1 g4 16. hxg4 Bxg4 17. Rd3 a6 18. Bxe7 Nxe7 19. Nh2 Be2 20. Be6+ Kb8
21. Rd7 Bxf1 22. Kxf1 Ng6 23. Bf5 Ka7 24. Rxc7 Nf4 25. g3 Nd3 26. b4 h5 27. Nf3
Rad8 28. Nh4 Nc1 29. Be6 Rd1+ 30. Kg2 Rd2 31. Bd5 Rb8 32. Nf5 Nxa2 33. Nd6 Rxd5
34. exd5 Kb6 35. Rh7 Nxc3 36. Rxh5 Nxd5 37. Rh6 Rd8 38. Nf7 Re8 39. Nd6 Re6 40.
Nc4+ Kb5 41. Rh4 e4 42. Rxe4 Rxe4 43. Nd6+ Kxb4 44. Nxe4 a5 0-1

[Event "Canada Int. op U1800"]
[Site "Contrecoeur CAN"]
[Date "2022.10.07"]
[Round "1.42"]
[White "Fundaro, Jean-Pierre"]
[Black "Crete, Mathys"]
[Result "0-1"]
[WhiteElo "1590"]
[BlackElo "1436"]
[PlyCount "37"]
[EventDate "2022.10.07"]
[EventType "swiss"]
[EventRounds "5"]
[EventCountry "CAN"]

1. e4 c5 2. Nc3 Nc6 3. f4 g6 4. Nf3 Bg7 5. a4 e6 6. Bb5 Nge7 7. O-O a6 8. Bxc6
Nxc6 9. e5 O-O 10. Ne4 Qe7 11. d4 cxd4 12. Nxd4 b6 13. b3 Bb7 14. Ba3 Qh4 15.
g3 Qd8 16. Bxf8 Bxf8 17. Nf6+ Kh8 18. g4 Nxd4 19. Qxd4 0-1

[Event "Canada Int. op U1800"]
[Site "Contrecoeur CAN"]
[Date "2022.10.07"]
[Round "1.43"]
[White "Wen, Justin"]
[Black "Grenier, Jean-Michel"]
[Result "0-1"]
[WhiteElo "1383"]
[BlackElo "1581"]
[PlyCount "108"]
[EventDate "2022.10.07"]
[EventType "swiss"]
[EventRounds "5"]
[EventCountry "CAN"]

1. d4 Nf6 2. Nc3 d5 3. Bf4 a6 4. e3 Bf5 5. f3 e6 6. g4 Bg6 7. h4 h6 8. h5 Bh7
9. Bd3 Bd6 10. Nge2 c5 11. Bxh7 Nxh7 12. Bxd6 Qxd6 13. dxc5 Qxc5 14. Qd4 Qxd4
15. Nxd4 Nc6 16. O-O-O Nf6 17. Kb1 Nxd4 18. Rxd4 Rc8 19. Rdd1 Ke7 20. Rhe1 Rc4
21. Ne2 Rhc8 22. c3 b5 23. Rd4 Nd7 24. Red1 Ne5 25. Rf1 Rxd4 26. exd4 Nc4 27.
Kc1 b4 28. Re1 a5 29. Nf4 Kd6 30. Nd3 bxc3 31. bxc3 Rb8 32. Ne5 Nxe5 33. Rxe5
Kc6 34. f4 Kb5 35. f5 Rb6 36. fxe6 fxe6 37. g5 hxg5 38. Rxg5 Rb7 39. Rg6 Re7
40. Rg5 Kc4 41. Kc2 Rf7 42. Rg2 Rf3 43. Rxg7 Rxc3+ 44. Kb2 Rh3 45. Rh7 Kxd4 46.
h6 e5 47. Ra7 Rxh6 48. Rxa5 Rh2+ 49. Kc1 e4 50. Ra4+ Ke3 51. Ra3+ Kf4 52. Ra4
Ke5 53. Ra7 e3 54. Re7+ Kd4 0-1

[Event "Canada Int. op U1800"]
[Site "Contrecoeur CAN"]
[Date "2022.10.07"]
[Round "1.44"]
[White "Tachijian, Mardig"]
[Black "Aubut, Jean-Philippe"]
[Result "1-0"]
[WhiteElo "1571"]
[BlackElo "1351"]
[PlyCount "45"]
[EventDate "2022.10.07"]
[EventType "swiss"]
[EventRounds "5"]
[EventCountry "CAN"]

1. d4 d5 2. c4 e6 3. Nc3 Nf6 4. Bg5 Be7 5. e3 Nbd7 6. Nf3 h6 7. Bh4 b6 8. Qb3
dxc4 9. Bxc4 c5 10. Rd1 Qc7 11. d5 exd5 12. Nxd5 Nxd5 13. Bxd5 Bxh4 14. Bxf7+
Kf8 15. Nxh4 c4 16. Bxc4 Ne5 17. Qb4+ Ke8 18. Bb5+ Kf7 19. Qf4+ Kg8 20. Ng6 Qf7
21. Rd8+ Kh7 22. Rxh8+ Kxg6 23. Be8 1-0

[Event "Canada Int. op U1800"]
[Site "Contrecoeur CAN"]
[Date "2022.10.07"]
[Round "1.45"]
[White "Li, James"]
[Black "Bilodeau-Savaria, Carl"]
[Result "1-0"]
[WhiteElo "1008"]
[BlackElo "1568"]
[PlyCount "85"]
[EventDate "2022.10.07"]
[EventType "swiss"]
[EventRounds "5"]
[EventCountry "CAN"]

1. d4 d5 2. c4 e6 3. Nc3 Nf6 4. Nf3 c6 5. cxd5 exd5 6. Bf4 Bd6 7. Bxd6 Qxd6 8.
e3 Nbd7 9. Bd3 O-O 10. O-O Re8 11. Qc2 c5 12. dxc5 Nxc5 13. Bf5 Nfe4 14. Bxc8
Raxc8 15. Qb3 Nxc3 16. bxc3 Qa6 17. Rfc1 Ne4 18. Rc2 Qd3 19. Ne1 Qa6 20. Qxd5
Rxc3 21. Qd7 Rf8 22. Rac1 Rxc2 23. Rxc2 b6 24. Nd3 Nf6 25. Qd4 Qb5 26. a4 Qb3
27. Rc1 h5 28. Nf4 a6 29. h3 Re8 30. Rc6 Rb8 31. Qd6 Rb7 32. Rc8+ Kh7 33. Qd8
Kh6 34. Qh8+ Nh7 35. Rc6+ g6 36. Qe5 Qb1+ 37. Kh2 f6 38. Qe8 Qf5 39. Rd6 b5 40.
Rd5 Qc2 41. e4 Rg7 42. Rxh5+ gxh5 43. Qxh5# 1-0